Even Numbers - One Minute Sprint - Statistics

General Stats
  • This quiz has been taken 74 times
    51 since last reset
  • The average score is 59 of 125
Answer Stats
Answer % Correct
10
100%
12
100%
14
100%
16
100%
18
100%
2
100%
20
100%
22
100%
24
100%
26
100%
28
100%
30
100%
32
100%
34
100%
36
100%
38
100%
4
100%
6
100%
8
100%
40
97%
42
93%
44
93%
46
93%
48
93%
50
93%
52
90%
54
90%
56
90%
58
90%
60
90%
62
90%
64
90%
66
90%
68
90%
70
90%
72
90%
74
90%
76
90%
78
90%
80
90%
82
87%
84
77%
100
73%
86
73%
88
73%
90
73%
92
73%
94
73%
96
73%
98
73%
102
70%
104
67%
106
57%
108
57%
110
57%
112
57%
114
57%
116
57%
118
57%
120
53%
122
53%
124
50%
126
43%
128
43%
130
43%
132
43%
134
37%
136
33%
138
30%
140
30%
142
27%
144
27%
146
23%
148
23%
150
20%
152
20%
154
20%
156
20%
158
17%
160
13%
162
13%
164
13%
166
13%
168
10%
170
10%
172
10%
174
10%
176
10%
178
10%
180
7%
182
3%
184
3%
186
3%
188
3%
190
3%
192
3%
194
3%
196
0%
198
0%
200
0%
202
0%
204
0%
206
0%
208
0%
210
0%
212
0%
214
0%
216
0%
218
0%
220
0%
222
0%
224
0%
226
0%
228
0%
230
0%
232
0%
234
0%
236
0%
238
0%
240
0%
242
0%
244
0%
246
0%
248
0%
250
0%
No matching quizzes found
Score Distribution
Percent of People with Each Score
Percentile by Number Answered
Your Score History
You have not taken this quiz since the last reset